000 01144cam a2200229 4500
001 ##L133740
008 060607n2006 000 0 eng u
035 _a(Sirsi) u133740
041 0 _aeng
050 0 4 _a333.33 $2 18
110 2 _aRoyal Institution of Chartered Surveyors
_bPublic Affairs
_94679
245 0 0 _aUK economic brief
_bMarch 2006
260 _aLondon
_bRICS
_c2006
490 0 _aRICS UK Economic Brief
_vMarch 2006
520 _aReports a strengthening economy and recovery in the manufacturing sector, though investment is somewhat depressed. In the commercial property sector, occupier demand continues to recover, but a gradual slowdown in returns is expected. Growth in construction activity slowed in 2005, but employment in the construction industry rose robustly. The residential property market recovery gathered pace in February. Graphs.
590 _aIKA200606
650 2 4 _aRICS UK ECONOMIC BRIEF
651 4 _aUnited Kingdom
_y
690 _aPROPERTY-PROPERTY MARKET
856 4 0 _uhttps://www.rics.org/Global/Downloads/UKEconomicBrief200603.pdf
_zView the item free of charge at www.rics.org...
942 _n0
999 _c105464
_d105464